|
|
|
|
| LEADER |
00000naa2a2200000 4500 |
| 001 |
83934 |
| 005 |
20231220145455.0 |
| 035 |
|
|
|a (RuTPU)RU\TPU\book\90237
|
| 090 |
|
|
|a 83934
|
| 100 |
|
|
|a 20051024d2002 k y0rusy50 ca
|
| 101 |
0 |
|
|a rus
|
| 102 |
|
|
|a RU
|
| 200 |
1 |
|
|a Пути улучшения декоративных свойств керамического кирпича из местного сырья
|f Т. В. Вакалова, И. Б. Ревва
|
| 330 |
|
|
|a Исследована возможность устранения высолообразования на лицевых поверхностях керамических облицовочных материалов за счет направленного регулирования влагопереноса с лицевых поверхностей облицовочного кирпича на постель при сушке и обжиге сырца путем создания влаго- и паронепроницаемого защитного покрытия. Подготовленный раствор полиакриламида наносился на предварительно подготовленные поверхности (тычковые и ложковые) керамического бруса путем полива или распылением после выхода бруса из вакуумпресса. Далее сырец высушивали до влажности 4-6%. Обжиг производили при 1000-1050°C в течение 24 часов с выдержкой при конечной температуре не менее 2 часов. Лицевые поверхности обожженных изделий отличались ровностью окраски и насыщенностью цвета. Отсутствие высолов на лицевых поверхностях обусловлено экранирующим действием нанесенного в момент формования сырца защитного покрытия из полиакриламида, которое меняет направление влагопереноса в процессе сушки сырца в сушилах и подготовки полуфабриката в зоне подогрева в туннельной печи.
|
| 461 |
|
0 |
|0 (RuTPU)RU\TPU\book\48472
|t Химия и химическая технология на рубеже тысячелетий
|o материалы II Всероссийской научной конференции, Томск, 26-28 ноября 2002 г.
|f Российское химическое общество им. Д. И. Менделеева; Российская академия естественных наук; Томский научный центр СО РАН; Администрация Томской области; Томский политехнический университет
|d 2002-
|
| 463 |
|
0 |
|0 (RuTPU)RU\TPU\book\48111
|t Т. 1
|v С. 31-32
|d 2002
|p 354 с.
|
| 610 |
1 |
|
|a декоративность
|
| 610 |
1 |
|
|a кирпичи
|
| 610 |
1 |
|
|a сульфатные высолы
|
| 610 |
1 |
|
|a строительные материалы
|
| 610 |
1 |
|
|a труды учёных ТПУ
|
| 700 |
|
1 |
|a Вакалова
|b Т. В.
|c химик-технолог
|c профессор Томского политехнического университета, доктор технических наук
|f 1956-
|g Татьяна Викторовна
|3 (RuTPU)RU\TPU\pers\26197
|9 12005
|
| 701 |
|
1 |
|a Ревва
|b И. Б.
|c химик-технолог
|c доцент Томского политехнического университета, кандидат технических наук
|f 1979-
|g Инна Борисовна
|3 (RuTPU)RU\TPU\pers\26547
|4 070
|9 12236
|
| 801 |
|
1 |
|a RU
|b 63413507
|c 20051024
|g PSBO
|
| 801 |
|
2 |
|a RU
|b 63413507
|c 20120306
|g RCR
|
| 942 |
|
|
|c BK
|